00768nam a2200253 a 4500001001300000003000900013005001700022008004100039020001000080082001500090100002300105245006300128260004700191300000900238500003500247505001000282650002500292650002600317700002300343902000800366942000700374952011600381999001700497nice12345678IN_TiNIC20260116013857.0050524s1960 chia grp 000 0 eng  ac47000a306.6bGEN aGennep, Arnold Van aRites of Passageb Classic Study of Cultural Celebrations. aChicagobUniversity of Chicago Pressc1960 a198p aincludes index and biblioraphy2 aIndex aRites And Ceremonies aAnthropology-Cultural1 aGennep, Arnold Van bSRS cBK 001040708StackRoom-aHMIbHMId2007-04-04g470.00l0o306.6 GENp019887r2007-04-04v470.00w2005-05-24yBK c12919d12919